Journalism Advertisement and Public Relations (Record no. 2691)

000 -LEADER
fixed length control field 00432nam a22001337a 4500
020 ## - INTERNATIONAL STANDARD BOOK NUMBER
International Standard Book Number 9788178847955
082 ## - DEWEY DECIMAL CLASSIFICATION NUMBER
Classification number 070.4
100 ## - MAIN ENTRY--PERSONAL NAME
Personal name M.S. Bisht
245 ## - TITLE STATEMENT
Title Journalism Advertisement and Public Relations
260 ## - PUBLICATION, DISTRIBUTION, ETC.
Place of publication, distribution, etc. New Delhi
Name of publisher, distributor, etc. Cyber tech publications
Date of publication, distribution, etc. 2011
300 ## - PHYSICAL DESCRIPTION
Extent 264p
942 ## - ADDED ENTRY ELEMENTS (KOHA)
Koha item type Book
Holdings
Withdrawn status Lost status Source of classification or shelving scheme Damaged status Not for loan Permanent Location Current Location Shelving location Date acquired Total Checkouts Full call number Barcode Date last seen Price effective from Koha item type
          Central Library (CL) Central Library (CL) First Floor - Journalism 03/11/2016   302.23 BIS S3H-S-455 03/11/2016 03/11/2016 Book
© 2023 Central Library, National University of Sciences and Technology. All Rights Reserved.